MARC

LEADER 00000nam0a2200000 4500
001 309401
005 20231102002204.0
035 |a (RuTPU)RU\TPU\book\334723 
090 |a 309401 
100 |a 20151112d1981 k y0rusy50 ca 
101 1 |a rus  |c eng 
102 |a RU 
105 |a y z 001zy 
200 1 |a Введение в прикладной эконометрический анализ  |e пер. с англ.  |f Р. Винн, К. Холден 
210 |a Москва  |c Финансы и статистика  |d 1981 
215 |a 294 с. 
320 |a Предм. указ.: с. 291-292 
606 1 |a Экономика  |2 stltpush  |3 (RuTPU)RU\TPU\subj\26549  |9 50450 
606 1 |a Эконометрика  |2 stltpush  |3 (RuTPU)RU\TPU\subj\22155  |9 47019 
610 1 |a эконометрический анализ 
610 1 |a инвестиции 
610 1 |a теория производства 
610 1 |a заработная плата 
610 1 |a цена 
610 1 |a макроэкономические модели 
610 1 |a прогнозы 
686 |a Ув631  |v LBC/SL-A  |2 rubbk 
700 1 |a Винн  |b Р. 
701 1 |a Холден  |b К. 
801 1 |a RU  |b 63413507  |c 20151112 
801 2 |a RU  |b 63413507  |c 20221011  |g RCR 
942 |c BK